000 00328nam a22001217a 4500
082 _a382.609549
100 _aState Bank of Pakistan
245 _aExport receipts October 2005
_cState Bank of Pakistan
260 _aKarachi
_bStatistics Deptt State Bank of Pakistan
_c2005
300 _a256p
563 _aP.B
942 _2ddc
_cBK
999 _c588756
_d588756